000 00469nam a22001457a 4500
999 _c54344
_d54344
008 190708b ||||| |||| 00| 0 eng d
050 _a PN6083
_b.P44 1977
245 _aPeter's quotations :
_bideas for our time /
_c[compiled] by Laurence J. Peter
260 _aoronto ;
_aNew York :
_bBantam Books,
_cc1977
300 _axxxvii, 579 p. ;
_c18 cm
500 _aIncludes index
650 _aQuotations, English
700 _aPeter, Laurence J
942 _2lcc
_cBK